000 00196 a2200097 4500
001 829
100 _aAngelo,E.J
245 _aElectronic gircuits
260 _a
_bMcgrawhill
_c
090 _c420
_d420
942 _aNUST-CAE
_cM
_c30490
999 _c235902
_d235902